Foundation of physical education / (Record no. 36534)

MARC details
000 -LEADER
fixed length control field 00710nam a22002057a 4500
005 - DATE AND TIME OF LATEST TRANSACTION
control field 20100603141241.0
008 - FIXED-LENGTH DATA ELEMENTS--GENERAL INFORMATION
fixed length control field 100603t xxu||||| |||| 00| 0 eng d
010 ## - LCCN (DPL NO)
LC control number ENG-96301
020 ## - INTERNATIONAL STANDARD BOOK NUMBER
International Standard Book Number 9788178795515
Terms of availability 395.00
035 ## - SYSTEM CONTROL NUMBER
System control number EN-79834
037 ## - SOURCE OF ACQUISITION
Source of stock number/acquisition DBAD/PUB
040 ## - CATALOGING SOURCE
Original cataloging agency DPL
Language of cataloging Eng
082 ## - DEWEY DECIMAL CLASSIFICATION NUMBER
Classification number 796.07
100 ## - MAIN ENTRY--PERSONAL NAME
Personal name Sharadrao, H
245 ## - TITLE STATEMENT
Title Foundation of physical education /
Statement of responsibility, etc edited and compiled by H.Sharadrao
260 ## - PUBLICATION, DISTRIBUTION, ETC. (IMPRINT)
Place of publication, distribution, etc New Delhi
Name of publisher, distributor, etc Sports Publication
Date of publication, distribution, etc 2010
300 ## - PHYSICAL DESCRIPTION
Extent 178p.
Dimensions 22 cm. (Hb)
942 ## - ADDED ENTRY ELEMENTS (KOHA)
Source of classification or shelving scheme Dewey Decimal Classification
Item type English Books
Classification part 796.07
Call number suffix FOU
Holdings
Withdrawn status Lost status Source of classification or shelving scheme Damaged status Not for loan Collection code Home library Current library Date acquired Source of acquisition Cost, normal purchase price Total Checkouts Full call number Barcode Date last seen Copy number Cost, replacement price Koha item type
    Dewey Decimal Classification   Not For Loan Non-fiction D.B.Act.Division D.B.Act.Division 10/05/2010 DBAD/PUB 395.00   796.07 FOU EN-79834 03/06/2010 1 395.00 English Books

© Delhi Public Library
Hit Counter
free hit counter